000 01145nam a2200277Ia 4500
001 16263
003 GE_BSU
008 181216s||||||||xx |||||||||||||| ||und||
020 _aISBN 978-9941-10-827-3
040 _cGE_BSU
080 _a346.26
100 _aგ. მახარობლიშვილი, ა. ქირია, ნ. ზუბიტაშვილი [და სხვ.]
245 _aსაკორპორაციო სამართლის კრებული
245 _bტ.2
245 _cრედ. ირაკლი ბურდული
260 _aთბილისი.
260 _bმერიდიანი
260 _c2014
300 _a342გვ;24სმ.
300 _bბიბლიოგრ.: გვ. 335-339
541 _h13ლ.
653 _aსაკორპორაციო სამართლის კრებული
653 _aსამართალი
653 _aსამართლის ეკონომიკური ანალიზი და მისი მეთოდოლოგიური საზღვრები
942 _cBK
999 _c49346
_d49346